000 00554nam a22001577a 4500
005 20120306144335.0
020 _a8120719662
_c60.00
035 _aA-897956
037 _aDPL
_bENG
100 _aSivaramkrishna, M.
_943555
245 _aPathways to Paramahamsa Ramakrishna /
_cby M. Sivaramkrishna
260 _aNew Delhi
_bSterling Paperbacks
300 _avii, 96p.
_c18 cms.
942 _2ddc
_cEN
_h181.45
_mSIV
999 _c63836
_d63836